Normal view MARC view
  • GOKHALE, S.B. ,KOKATE,DR. C.K.,GOKHALE,DR. ALPANA.,AND KALASKAR,DR. M.G

Entry Personal Name

Number of records used in: 1

001 - CONTROL NUMBER

  • control field: 8261

003 - CONTROL NUMBER IDENTIFIER

  • control field: JRU

005 - DATE AND TIME OF LATEST TRANSACTION

  • control field: 20240106160710.0

008 - FIXED-LENGTH DATA ELEMENTS

  • fixed length control field: 240106|| aca||aabn | a|a d

040 ## - CATALOGING SOURCE

  • Original cataloging agency: JRU
  • Transcribing agency: JRU

100 ## - HEADING--PERSONAL NAME

  • Personal name: GOKHALE, S.B. ,KOKATE,DR. C.K.,GOKHALE,DR. ALPANA.,AND KALASKAR,DR. M.G

670 ## - SOURCE DATA FOUND

  • Source citation: Work cat.: (JRU)5783: GOKHALE, S.B. ,KOKATE,DR. C.K.,GOKHALE,DR. ALPANA.,AND KALASKAR,DR. M.G, PHARMACOGNOSY OF TRADITIONAL DRUG